Statistics for NHL Hardest Shot Winners

Click here to take the quiz!

General Stats

  • This quiz has been taken 141 times
  • The average score is 15 of 26

Answer Stats

YearSpeedAnswer% Correct
2008103.1Zdeno Chara
94%
2009105.4Zdeno Chara
94%
2007100.4Zdeno Chara
94%
2011105.9Zdeno Chara
94%
2012108.8Zdeno Chara
94%
2015108.5Shea Weber
81%
2020106.5Shea Weber
81%
2016108.1Shea Weber
81%
2017102.8Shea Weber
81%
2018101.3Alexander Ovechkin
72%
1998100.4Al MacInnis
64%
199798.9Al MacInnis
64%
2000100.1Al MacInnis
64%
200398.9Al MacInnis
64%
199194.0Al MacInnis
64%
199293.0Al MacInnis
64%
199998.5Al MacInnis
64%
199096.0Al Iafrate
37%
1994102.7Al Iafrate
37%
1993105.2Al Iafrate
37%
2019102.8John Carlson
21%
2001102.1Fredrik Modin
13%
2004102.2Sheldon Souray
9%
199698.0Dave Manson
7%
2002101.5Sergei Federov
6%
2004102.2Adrian Aucoin
5%

Score Distribution

Percentile by Number Answered

Percent of People with Each Score

Your Score History

You have not taken this quiz